000 00344nam a2200145Ia 4500
008 221030s9999 xx 000 0 und d
041 _aEnglish
082 _a105.23
100 _aN. P. Bali
245 2 _aA Text Book of Engineering Mathematics
_cby N. P. Bali, A. Saxena
260 _c0
650 _aB
700 _aA. Saxena
942 _cBK
999 _c11796
_d11796